Personnalités célèbres commençant par R - Statistiques

Statistiques générales
  • Ce quiz a été pris 79 fois
  • Le résultat moyen est 7 sur 16
Statistiques - réponses
Par images Réponse % Correct
Adil Rami
80%
Margot Robbie
73%
Keanu Reeves
67%
Gordon Ramsay
64%
Julia Roberts
64%
Ryan Reynolds
53%
Rohff
49%
Olivia Ruiz
46%
Tahar Rahim
44%
Stéphane Rotenberg
40%
Hélène Rollès
34%
Carole Rousseau
29%
Yves Rénier
16%
Emily Ratajkowski
11%
Melvyn Richardson
6%
Christophe Rocancourt
4%
Aucun quiz correspondant
Distribution des résultats
% des personnes avec chaque résultat
Percentile par nombre de réponses
Votre historique - résultats
Vous n’avez pas pris ce quiz